مكتبة جامعة عجلون الوطنية

فهرس بحث المكتبة

Normal view MARC view
  • القانون الجنائي ، العقوبات -- سلطنة عمان

Entry Topical Term

Number of records used in: 1

001 - CONTROL NUMBER

  • control field: 50708

003 - CONTROL NUMBER IDENTIFIER

  • control field: JO-AjAnu

005 - DATE AND TIME OF LATEST TRANSACTION

  • control field: 20230606082339.0

008 - FIXED-LENGTH DATA ELEMENTS

  • fixed length control field: 230606|| aca||aabn | a|a d

040 ## - CATALOGING SOURCE

  • Original cataloging agency: JO-AjAnu
  • Transcribing agency: JO-AjAnu

150 ## - HEADING--TOPICAL TERM

  • Topical term or geographic name entry element: القانون الجنائي ، العقوبات -- سلطنة عمان

670 ## - SOURCE DATA FOUND

  • Source citation: Work cat.: (JO-AjAnu)25921: عبيد، مزهر جعفر , author 50707, الوسيط في شرح قانون الإجراءات الجزائية العماني :المبادئ العامة في الإجراءات الجزائية ، الدعاوى الناشئة عن الجريمة ، الإجراءات السابقة على المحاكمة مدعما بأحكام المحكمة العليا